APPLICATION OF METAL OXIDE NANOFIBERS AND THIN FILMS IN P3HT BASED SOLAR DEVICES FOR EFFICIENCY IMPROVEMENT / (Record no. 528002)

000 -LEADER
fixed length control field 00530nam a22001577a 4500
082 ## - DEWEY DECIMAL CLASSIFICATION NUMBER
Classification number 620.44
100 ## - MAIN ENTRY--PERSONAL NAME
Personal name Tanveer, Muhammad
245 ## - TITLE STATEMENT
Title APPLICATION OF METAL OXIDE NANOFIBERS AND THIN FILMS IN P3HT BASED SOLAR DEVICES FOR EFFICIENCY IMPROVEMENT /
Statement of responsibility, etc. MUHAMMAD TANVEER
260 ## - PUBLICATION, DISTRIBUTION, ETC.
Place of publication, distribution, etc. Islamabad:
Name of publisher, distributor, etc. SCME - NUST,
Date of publication, distribution, etc. 2013.
300 ## - PHYSICAL DESCRIPTION
Extent 166 p.: ill.;
Dimensions 30cm.
942 ## - ADDED ENTRY ELEMENTS (KOHA)
Source of classification or shelving scheme
Koha item type Thesis
650 ## - SUBJECT ADDED ENTRY--TOPICAL TERM
Topical term or geographic name entry element Ph. D Thesis.
700 ## - ADDED ENTRY--PERSONAL NAME
Personal name Dr. Amir Habib
650 ## - SUBJECT ADDED ENTRY--TOPICAL TERM
-- 19288
700 ## - ADDED ENTRY--PERSONAL NAME
-- 19483
Holdings
Withdrawn status Lost status Source of classification or shelving scheme Damaged status Not for loan Permanent Location Current Location Shelving location Date acquired Full call number Barcode Date last seen Price effective from Koha item type
          Central Library (CL) Central Library (CL) Thesis 08/26/2019 200 CLPT-546 08/26/2019 08/26/2019 Thesis
© 2023 Central Library, National University of Sciences and Technology. All Rights Reserved.